Οργάνωση και γραφειοκρατία : ανάλυση των συγχρόνων θεωριών
Saved in:
| Main Author: | |
|---|---|
| Other Authors: | , |
| Format: | Book |
| Language: | Greek |
| Published: |
Αθήνα :
Μαθιουδάκης, Ανδρόπουλος,
1991.
|
| Edition: | Αναθ. έκδ. |
| Subjects: | |
| Tags: |
Add Tag
No Tags, Be the first to tag this record!
|
MARC
| LEADER | 00000cam a2200000 i 4500 | ||
|---|---|---|---|
| 001 | 1/65727 | ||
| 008 | 941103s1991 gr | ||| |||| ||gre|| | ||
| 035 | |1 ΠΑΡ |a 1997 |l 10029689 | ||
| 040 | |a GR-MyUA |b gre |e AACR2 | ||
| 041 | 0 | |a gre | |
| 082 | 0 | |a 302.35 | |
| 100 | 1 | |a Mouzelis, Nicos P. | |
| 245 | 1 | 0 | |a Οργάνωση και γραφειοκρατία : |b ανάλυση των συγχρόνων θεωριών / |c Νίκου Π. Μουζέλη ; μετάφραση Ευαγγελίας Σοφούλη ; επιμέλεια Αντώνη Μακρυδημήτρη |
| 246 | 3 | 3 | |i Άλλες παραλλαγές του τίτλου: |a Οργάνωση & γραφειοκρατία |
| 250 | |a Αναθ. έκδ. | ||
| 260 | |a Αθήνα : |b Μαθιουδάκης, Ανδρόπουλος, |c 1991. | ||
| 300 | |a 268 σ. ; |c 21 εκ. | ||
| 650 | 0 | 0 | |a Bureaucracy. |
| 650 | 0 | 0 | |a Organizational sociology. |
| 650 | 0 | 0 | |a Bureaucracy |x Social aspects. |
| 700 | 1 | |a Μακρυδημήτρης, Αντώνης, |d 1955- |e edt | |
| 700 | 1 | |a Σοφούλη, Ευαγγελία, |e trlf | |
| 852 | |a INST |b CHIOS |e 19960305 |h 302.35 MOU |p 005200000744 |q 005200000744 |t BK |y 0 | ||
| 852 | |a INST |b CHIOS |e 19960613 |h 302.35 MOU |p 005200007935 |q 005200007935 |t BK |y 0 | ||
| 852 | |a INST |b CHIOS |e 19971118 |h 302.35 MOU |p 005200010372 |q 005200010372 |t BK |y 0 | ||
| 852 | |a INST |b CHIOS |e 19971118 |h 302.35 MOU |p 005200010373 |q 005200010373 |t BK |y 0 | ||
| 852 | |a INST |b CHIOS |e 19971118 |h 302.35 MOU |p 005200010374 |q 005200010374 |t BK |y 0 | ||
| 852 | |a INST |b CHIOS |e 19971118 |h 302.35 MOU |p 005200010376 |q 005200010376 |t BK |y 0 | ||
| 852 | |a INST |b CHIOS |e 19971118 |h 302.35 MOU |p 005200010377 |q 005200010377 |t BK |y 0 | ||
| 852 | |a INST |b CHIOS |e 19971118 |h 302.35 MOU |p 005200010378 |q 005200010378 |t BK |y 0 | ||
| 852 | |a INST |b CHIOS |e 19971118 |h 302.35 MOU |p 005200010379 |q 005200010379 |t BK |y 0 | ||
| 852 | |a INST |b CHIOS |e 19971118 |h 302.35 MOU |p 005200010380 |q 005200010380 |t BK |y 0 | ||
| 852 | |a INST |b CHIOS |e 19971118 |h 302.35 MOU |p 005200010381 |q 005200010381 |t BK |y 12 | ||
| 852 | |a INST |b CHIOS |e 19971118 |h 302.35 MOU |p 005200010382 |q 005200010382 |t BK |y 0 | ||
| 852 | |a INST |b CHIOS |e 19971118 |h 302.35 MOU |p 005200010383 |q 005200010383 |t BK |y 0 | ||
| 852 | |a INST |b CHIOS |e 19971118 |h 302.35 MOU |p 005200010384 |q 005200010384 |t BK |y 0 | ||
| 852 | |a INST |b CHIOS |e 19971118 |h 302.35 MOU |p 005200010385 |q 005200010385 |t BK |y 0 | ||
| 852 | |a INST |b CHIOS |e 19971118 |h 302.35 MOU |p 005200010386 |q 005200010386 |t BK |y 0 | ||
| 852 | |a INST |b CHIOS |e 19971118 |h 302.35 MOU |p 005200010389 |q 005200010389 |t BK |y 0 | ||
| 852 | |a INST |b CHIOS |e 19971118 |h 302.35 MOU |p 005200010390 |q 005200010390 |t BK |y 0 | ||
| 852 | |a INST |b CHIOS |e 19971118 |h 302.35 MOU |p 005200010391 |q 005200010391 |t BK |y 0 | ||
| 852 | |a INST |b CHIOS |e 19971118 |h 302.35 MOU |p 005200010392 |q 005200010392 |t BK |y 0 | ||
| 852 | |a INST |b CHIOS |e 19971118 |h 302.35 MOU |p 005200010393 |q 005200010393 |t BK |y 12 | ||
| 852 | |a INST |b CHIOS |e 19971118 |h 302.35 MOU |p 005200010394 |q 005200010394 |t BK |y 0 | ||
| 852 | |a INST |b CHIOS |e 19971118 |h 302.35 MOU |p 005200010395 |q 005200010395 |t BK |y 0 | ||
| 852 | |a INST |b CHIOS |e 19971118 |h 302.35 MOU |p 005200010396 |q 005200010396 |t BK |y 12 | ||
| 852 | |a INST |b CHIOS |e 19971118 |h 302.35 MOU |p 005200010397 |q 005200010397 |t BK |y 0 | ||
| 852 | |a INST |b CHIOS |e 19971118 |h 302.35 MOU |p 005200010398 |q 005200010398 |t BK |y 0 | ||
| 852 | |a INST |b CHIOS |e 19971118 |h 302.35 MOU |p 005200010399 |q 005200010399 |t BK |y 0 | ||
| 852 | |a INST |b CHIOS |e 19971118 |h 302.35 MOU |p 005200010400 |q 005200010400 |t BK |y 0 | ||
| 852 | |a INST |b CHIOS |e 19971118 |h 302.35 MOU |p 005200010401 |q 005200010401 |t BK |y 0 | ||
| 852 | |a INST |b CHIOS |e 19971118 |h 302.35 MOU |p 005200010402 |q 005200010402 |t BK |y 0 | ||
| 852 | |a INST |b CHIOS |e 19971118 |h 302.35 MOU |p 005200010403 |q 005200010403 |t BK |y 0 | ||
| 852 | |a INST |b CHIOS |e 19971118 |h 302.35 MOU |p 005200010404 |q 005200010404 |t BK |y 0 | ||
| 852 | |a INST |b CHIOS |e 19971118 |h 302.35 MOU |p 005200010405 |q 005200010405 |t BK |y 0 | ||
| 852 | |a INST |b CHIOS |e 19971118 |h 302.35 MOU |p 005200010406 |q 005200010406 |t BK |y 0 | ||
| 852 | |a INST |b CHIOS |e 19971118 |h 302.35 MOU |p 005200010407 |q 005200010407 |t BK |y 0 | ||
| 852 | |a INST |b CHIOS |e 19971118 |h 302.35 MOU |p 005200010409 |q 005200010409 |t BK |y 0 | ||
| 852 | |a INST |b CHIOS |e 19971118 |h 302.35 MOU |p 005200010410 |q 005200010410 |t BK |y 0 | ||
| 852 | |a INST |b CHIOS |e 19971118 |h 302.35 MOU |p 005200010411 |q 005200010411 |t BK |y 0 | ||
| 852 | |a INST |b CHIOS |e 19971118 |h 302.35 MOU |p 005200010412 |q 005200010412 |t BK |y 0 | ||
| 852 | |a INST |b CHIOS |e 19971118 |h 302.35 MOU |p 005200010413 |q 005200010413 |t BK |y 0 | ||
| 852 | |a INST |b CHIOS |e 19971118 |h 302.35 MOU |p 005200010414 |q 005200010414 |t BK |y 0 | ||
| 852 | |a INST |b CHIOS |e 19971118 |h 302.35 MOU |p 005200010415 |q 005200010415 |t BK |y 0 | ||
| 852 | |a INST |b CHIOS |e 19971118 |h 302.35 MOU |p 005200010416 |q 005200010416 |t BK |y 0 | ||
| 852 | |a INST |b CHIOS |e 19971118 |h 302.35 MOU |p 005200010417 |q 005200010417 |t BK |y 0 | ||
| 852 | |a INST |b CHIOS |e 19971118 |h 302.35 MOU |p 005200010418 |q 005200010418 |t BK |y 0 | ||
| 852 | |a INST |b CHIOS |e 19971118 |h 302.35 MOU |p 005200010419 |q 005200010419 |t BK |y 0 | ||
| 852 | |a INST |b CHIOS |e 19971118 |h 302.35 MOU |p 005200010420 |q 005200010420 |t BK |y 0 | ||
| 852 | |a INST |b CHIOS |e 19971118 |h 302.35 MOU |p 005200010421 |q 005200010421 |t BK |y 0 | ||
| 852 | |a INST |b LESVOS |e 19980220 |h 302.35 MOU |p 005100015025 |q 005100015025 |t BK |y 0 | ||
| 852 | |a INST |b LESVOS |e 19971118 |h 302.35 MOU |p 005200010375 |q 005100058264 |t BK |y 0 | ||
| 852 | |a INST |b LESVOS |e 19971118 |h 302.35 MOU |p 005200010387 |q 005100058263 |t BK |y 0 | ||
| 852 | |a INST |b LESVOS |e 19971118 |h 302.35 MOU |p 005200010388 |q 005100058262 |t BK |y 0 | ||
| 852 | |a INST |b SAMOS |e 19941103 |h 302.35 MOU |p 005300000223 |q 005300000223 |t BK |y 0 | ||
| 852 | |a INST |b SAMOS |e 19941103 |h 302.35 MOU |p 005300000224 |q 005300000224 |t BK |y 0 | ||
| 852 | |a INST |b SAMOS |e 19941103 |h 302.35 MOU |p 005300000225 |q 005300000225 |t BK |y 0 | ||
| 852 | |a INST |b SAMOS |e 19941103 |h 302.35 MOU |p 005300000226 |q 005300000226 |t BK |y 0 | ||
| 852 | |a INST |b SAMOS |e 19941103 |h 302.35 MOU |p 005300000227 |q 005300000227 |t BK |y 0 | ||
| 852 | |a INST |b SAMOS |e 19941103 |h 302.35 MOU |p 005300000228 |q 005300000228 |t BK |y 0 | ||
| 909 | |a Σ |b 021987 | ||
| 909 | |a Σ |b 021985 | ||
| 909 | |a Σ |b 021983 | ||
| 909 | |a Χ |b 042656 | ||
| 909 | |a Χ |b 045671 | ||
| 909 | |a Λ |b 051712 | ||
| 909 | |a Σ |b 021986 | ||
| 909 | |a Σ |b 021984 | ||
| 909 | |a Σ |b 019658 | ||
| 909 | |a Χ |b 048295 | ||
| 909 | |a Χ |b 048296 | ||
| 909 | |a Χ |b 048297 | ||
| 909 | |a Χ |b 048298 | ||
| 909 | |a Χ |b 048313 | ||
| 909 | |a Χ |b 048305 | ||
| 909 | |a Χ |b 048304 | ||
| 909 | |a Χ |b 048299 | ||
| 909 | |a Χ |b 048300 | ||
| 909 | |a Χ |b 048303 | ||
| 909 | |a Χ |b 048302 | ||
| 909 | |a Χ |b 048301 | ||
| 909 | |a Χ |b 048314 | ||
| 909 | |a Χ |b 048315 | ||
| 909 | |a Χ |b 048316 | ||
| 909 | |a Χ |b 048317 | ||
| 909 | |a Χ |b 048318 | ||
| 909 | |a Χ |b 048319 | ||
| 909 | |a Χ |b 048320 | ||
| 909 | |a Χ |b 048306 | ||
| 909 | |a Χ |b 048307 | ||
| 909 | |a Χ |b 048309 | ||
| 909 | |a Χ |b 048310 | ||
| 909 | |a Χ |b 048311 | ||
| 909 | |a Χ |b 048325 | ||
| 909 | |a Χ |b 048326 | ||
| 909 | |a Χ |b 048324 | ||
| 909 | |a Χ |b 048330 | ||
| 909 | |a Χ |b 048323 | ||
| 909 | |a Χ |b 048322 | ||
| 909 | |a Χ |b 048329 | ||
| 909 | |a Χ |b 048346 | ||
| 909 | |a Χ |b 048345 | ||
| 909 | |a Χ |b 048312 | ||
| 909 | |a Χ |b 048341 | ||
| 909 | |a Χ |b 048340 | ||
| 909 | |a Χ |b 048339 | ||
| 909 | |a Χ |b 048338 | ||
| 909 | |a Χ |b 048337 | ||
| 909 | |a Χ |b 048321 | ||
| 909 | |a Χ |b 048328 | ||
| 909 | |a Χ |b 048327 | ||
| 909 | |a Χ |b 048344 | ||
| 909 | |a Χ |b 048343 | ||
| 909 | |a Χ |b 048342 | ||
| 909 | |a Χ |b 048336 | ||
| 909 | |a Χ |b 048333 | ||
| 909 | |a Χ |b 048331 | ||
| 909 | |a Χ |b 048332 | ||
| 920 | |a ΔΩΡΕΑ ΒΙΒΛΙΟΘΗΚΗΣ |y Λέσβος |z 1998-02 | ||